| 000 | 00717cab a2200253 4500 | ||
|---|---|---|---|
| 001 | WB3340-43 | ||
| 008 | 090401t1997 xxu||||| |||| 00| 0 eng d | ||
| 035 | _a(Sirsi) u81416 | ||
| 041 | _aeng | ||
| 245 | _aHome deliveries | ||
| 260 | _c1997 | ||
| 350 | _a0 | ||
| 490 |
_aTimes _v13 October 1997, 29(1) |
||
| 520 | _aSupermarket groups are competing to capture the market for home delivery services. Tesco and Sainsbury are both investing heavily in home-delivery trials. | ||
| 650 | _aELECTRONIC SHOPPING | ||
| 650 | _aHOME DELIVERY | ||
| 650 | _aSAFEWAY | ||
| 650 | _aSAINSBURY | ||
| 650 | _aSUPERMARKETS | ||
| 650 | _aTESCO | ||
| 690 | _aECONOMIC AND SOCIAL | ||
| 942 | _n0 | ||
| 948 | _c14/10/1997 | ||
| 999 |
_c51289 _d51289 |
||